| 000 | 00703nmm a2200265 a 4500 | ||
|---|---|---|---|
| 003 | AR-BaBNM | ||
| 005 | 20251128203038.0 | ||
| 008 | 147019s1985 ||||||||||||||000 | spa|| | ||
| 020 | _a92-1-300104-5 | ||
| 040 | _cAR-BaBNM | ||
| 100 | 1 | _aTravers Moore, Margaret | |
| 245 | 1 | 0 | _aEl discurso de Pablito en las Naciones Unidas |
| 260 |
_aNew York _bNaciones Unidas _c1985 |
||
| 300 | 0 |
_a45 p. _bil. |
|
| 610 | 2 | 4 | _aONU |
| 650 | 4 | _aCUENTO INFANTIL | |
| 650 | 4 | _aLITERATURA INFANTIL | |
| 650 | 4 | _aLIBROS PARA NINOS | |
| 650 | 4 | _aORGANIZACIONES INTERNACIONALES | |
| 655 | _aLITERATURA | ||
| 700 | 1 | _aTravers Moore, John | |
| 700 | 1 |
_aGrabler, Marc _etraductor |
|
| 942 | _cBK | ||
| 998 | _cMARTIN | ||
| 999 |
_c1645 _d1645 |
||